[Event "2010 Trumpeter Classic"]
[Site "Grande Prairie"]
[Date "2010.01.31"]
[Round "4"]
[White "Panteluk, Steven"]
[Black "Quiring, John"]
[Result "0-1"]
[WhiteElo "1679"]
[BlackElo "1795"]
[PlyCount "62"]
[EventDate "2010.01.30"]
[EventType "swiss"]
[EventRounds "5"]
[EventCountry "CAN"]

1. d4 c5 2. Nf3 cxd4 3. Nxd4 g6 4. g3 Bg7 5. Bg2 Nc6 6. c3 d5 7. O-O Bd7 8.
Nxc6 bxc6 9. Nd2 e6 10. Nb3 Ne7 11. e4 O-O 12. Re1 Rc8 13. Nc5 Qc7 14. Be3 Rcd8
15. Qa4 Nc8 16. Na6 Qb7 17. Rab1 Nb6 18. Bxb6 axb6 19. exd5 cxd5 20. Qa3 Ra8
21. Bf1 Rfc8 22. Qb3 Rxa6 23. Bxa6 Qxa6 24. a3 Bb5 25. Qb4 Bc4 26. Qd6 Qb5 27.
h4 Ba2 28. a4 Qxa4 29. Ra1 Qb3 30. h5 Qxb2 31. hxg6 hxg6 0-1

[Event "2010 Trumpeter Classic"]
[Site "Grande Prairie"]
[Date "2010.01.31"]
[Round "4"]
[White "Pradzinski, Tim"]
[Black "Sequillion, Aaron"]
[Result "1-0"]
[WhiteElo "1919"]
[BlackElo "1999"]
[PlyCount "75"]
[EventDate "2010.01.30"]
[EventType "swiss"]
[EventRounds "5"]
[EventCountry "CAN"]

1. e4 c5 2. Nf3 d6 3. d4 cxd4 4. Nxd4 Nf6 5. Nc3 a6 6. Bg5 e6 7. f4 Nbd7 8. Qf3
Qc7 9. O-O-O b5 10. Bd3 Bb7 11. Rhe1 Be7 12. g4 Rc8 13. Qe2 O-O 14. e5 b4 15.
exf6 gxf6 16. Bh6 bxc3 17. Bxf8 cxb2+ 18. Kb1 Bxf8 19. g5 f5 20. Nxe6 fxe6 21.
Qxe6+ Kh8 22. Bxf5 Nc5 {Draw Offered by Aaron} 23. Qf6+ Bg7 24. Qxd6 Qxd6 25.
Rxd6 Rb8 26. Red1 Rf8 27. Rd8 Kg8 28. Rxf8+ Kxf8 29. Bxh7 Ke7 30. Bf5 a5 31. h4
a4 32. a3 Bc6 33. h5 Bf3 34. Re1+ Kf7 35. h6 Bd4 36. g6+ Kf6 37. g7 Kf7 38.
Re7+ 1-0

[Event "2010 Trumpeter Classic"]
[Site "Grande Prairie"]
[Date "2010.01.31"]
[Round "4"]
[White "Schech, Roland"]
[Black "Lefkowitz, Phil"]
[Result "0-1"]
[WhiteElo "1677"]
[BlackElo "1728"]
[PlyCount "98"]
[EventDate "2010.01.30"]
[EventType "swiss"]
[EventRounds "5"]
[EventCountry "CAN"]

1. e4 e6 2. Nf3 d5 3. Nc3 d4 4. Ne2 c5 5. c3 d3 6. Nf4 c4 7. Qa4+ Nc6 8. Qxc4
Nf6 9. Qxd3 Bd6 10. Qe3 Ng4 11. Qe2 Bxf4 12. h3 Nf6 13. e5 Nd7 14. d4 Bxc1 15.
Rxc1 O-O 16. Qe4 f6 17. Bc4 Nb6 18. Bb3 fxe5 19. Nxe5 Nd5 20. Nxc6 bxc6 21. O-O
Rf4 22. Qe2 a5 23. Bc4 Qg5 24. Kh2 Bd7 25. g3 Rf6 26. f4 Qh6 27. Rce1 Raf8 28.
Qg4 R8f7 29. Re5 Rf5 30. Qf3 g5 31. Rxf5 Rxf5 32. Bxd5 exd5 33. Qg2 gxf4 34.
Rxf4 Rxf4 35. gxf4+ Kf7 36. Kg3 Bf5 37. Qf1 Be4 38. Qf2 Kf6 39. Kh2 Kf5 40. Qg3
Qxf4 41. Qxf4+ Kxf4 42. b3 Bb1 43. a4 Ke4 44. b4 axb4 45. cxb4 Bd3 46. Kg2 Kxd4
47. Kf2 Kc3 48. b5 Bxb5 49. axb5 cxb5 0-1

[Event "2010 Trumpeter Classic"]
[Site "Grande Prairie"]
[Date "2010.01.31"]
[Round "4"]
[White "Stainer, Joel"]
[Black "Johnson, Dean"]
[Result "0-1"]
[WhiteElo "1516"]
[BlackElo "1827"]
[PlyCount "38"]
[EventDate "2010.01.30"]
[EventType "swiss"]
[EventRounds "5"]
[EventCountry "CAN"]

1. d4 d5 2. Nf3 Nf6 3. e3 Bf5 4. c4 dxc4 5. Bxc4 e6 6. O-O Nbd7 7. Nbd2 Bd6 8.
b3 O-O 9. Bb2 Re8 10. Re1 Bg4 11. Qc2 e5 12. Bd3 Bxf3 13. gxf3 exd4 14. Bxd4
Be5 15. Bxe5 Nxe5 16. Bf5 g6 17. Be4 Nxe4 18. fxe4 c6 19. f4 Qxd2 0-1

[Event "2010 Trumpeter Classic"]
[Site "Grande Prairie"]
[Date "2010.01.31"]
[Round "5"]
[White "Deimert, Elroy"]
[Black "Panteluk, Steven"]
[Result "1/2-1/2"]
[WhiteElo "1720"]
[BlackElo "1679"]
[PlyCount "70"]
[EventDate "2010.01.30"]
[EventType "swiss"]
[EventRounds "5"]
[EventCountry "CAN"]

1. e4 c5 2. d4 cxd4 3. c3 d6 4. Nf3 Nf6 5. e5 dxe5 6. Nxe5 e6 7. Bg5 Be7 8.
Bb5+ Nfd7 9. Bxe7 Qxe7 10. Qxd4 O-O 11. Na3 a6 12. Be2 Nxe5 13. Qxe5 Bd7 14.
Rd1 Bc6 15. O-O Nd7 16. Qg3 f5 17. Bc4 Rf6 18. Rfe1 Rg6 19. Qxg6 hxg6 20. Bxe6+
Kf8 21. Bxd7 Be4 22. Ba4 Rd8 23. Rxd8+ Qxd8 24. Rd1 Qg5 25. g3 Qg4 26. Rd8+ Kf7
27. Bd1 Qg5 28. Bb3+ Ke7 29. f4 Qg4 30. Bd1 Bf3 31. Bxf3 Qxf3 32. Rd2 Qe3+ 33.
Rf2 b5 34. Kg2 Kd6 35. Nc2 Qe4+ 1/2-1/2

[Event "2010 Trumpeter Classic"]
[Site "Grande Prairie"]
[Date "2010.01.31"]
[Round "5"]
[White "Johnson, Dean"]
[Black "Lefkowitz, Phil"]
[Result "0-1"]
[WhiteElo "1827"]
[BlackElo "1728"]
[PlyCount "110"]
[EventDate "2010.01.30"]
[EventType "swiss"]
[EventRounds "5"]
[EventCountry "CAN"]

1. c4 c6 2. g3 d5 3. Nf3 Bg4 4. Bg2 Qc8 5. h3 Bf5 6. cxd5 cxd5 7. Qa4+ Bd7 8.
Qd1 Nc6 9. d4 g6 10. Nc3 e6 11. O-O Nge7 12. Kh2 Bg7 13. e3 Nf5 14. Bd2 Nd6 15.
a3 Ne4 16. Rc1 O-O 17. Nxe4 dxe4 18. Ne5 f5 19. Bb4 Re8 20. f4 exf3 21. Nxf3
Qd8 22. Qb3 Qb6 23. Nd2 Nxb4 24. axb4 Bb5 25. Nc4 Qa6 26. Na5 Bxf1 27. Bxf1 Qb6
28. Nc4 Qc7 29. Bg2 Rac8 30. Rc2 b5 31. Na3 Qb6 32. Rxc8 Rxc8 33. Nxb5 Kf7 34.
Qa4 Bf8 35. Qxa7+ Qxa7 36. Nxa7 Rc2 37. Nc6 Rxb2 38. Ne5+ Kg7 39. Nd3 Rb3 40.
Nc5 Rxe3 41. b5 e5 42. Ne6+ Kf7 43. Bd5 Ke7 44. b6 exd4 45. b7 Re2+ 46. Kg1 Rb2
47. Nxd4 Kd6 48. Bf3 Bh6 49. Kf1 Be3 50. Nc2 Ba7 51. Na3 Rb3 52. Nc4+ Kc5 53.
Ne5 Kd6 54. Nc4+ Kc7 55. Ne5 Re3 0-1

[Event "2010 Trumpeter Classic"]
[Site "Grande Prairie"]
[Date "2010.01.31"]
[Round "5"]
[White "Pradzinski, Tim"]
[Black "Caughlin, Wade"]
[Result "1-0"]
[WhiteElo "1919"]
[BlackElo "1927"]
[PlyCount "95"]
[EventDate "2010.01.30"]
[EventType "swiss"]
[EventRounds "5"]
[EventCountry "CAN"]

1. e4 c5 2. Nf3 e6 3. d4 cxd4 4. Nxd4 Nc6 5. Be3 Nf6 6. Nc3 a6 7. f3 Qc7 8. Be2
Bb4 9. O-O O-O 10. Kh1 Bxc3 11. bxc3 Ne5 12. Bf4 Qc5 13. Bxe5 Qxe5 14. Bd3 Qc5
15. Qd2 b5 16. Nb3 Qc7 17. a4 bxa4 18. Rxa4 d5 19. exd5 exd5 20. Rfa1 Qd6 21.
Nd4 g6 22. Qg5 Re8 23. f4 Bd7 24. Ra5 Qb6 25. h3 Kg7 26. Rxa6 Rxa6 27. Rxa6
Qb1+ 28. Kh2 Nh5 29. Qxd5 Re1 30. g3 Qc1 31. Ne2 Qe3 32. Qd4+ Qxd4 33. cxd4 Bc8
34. Ra7 Be6 35. Nc3 Re3 36. d5 Bxh3 37. Ne4 Bf5 38. d6 Bxe4 39. d7 Bxd3 40.
d8=Q Re2+ 41. Kg1 Bxc2 42. Qd4+ Nf6 43. Qc4 Rg2+ 44. Kxg2 Be4+ 45. Kg1 Bd5 46.
Qc3 Be6 47. Qe5 h5 48. Qxe6 1-0

[Event "2010 Trumpeter Classic"]
[Site "Grande Prairie"]
[Date "2010.01.31"]
[Round "5"]
[White "Quiring, John"]
[Black "Miller, David"]
[Result "1/2-1/2"]
[WhiteElo "1795"]
[BlackElo "1672"]
[PlyCount "55"]
[EventDate "2010.01.30"]
[EventType "swiss"]
[EventRounds "5"]
[EventCountry "CAN"]

1. e4 c5 2. d3 Nc6 3. Nc3 d6 4. f4 g6 5. Nf3 Bg7 6. Be2 Nd4 7. O-O Nxe2+ 8.
Nxe2 b5 9. Qe1 Bb7 10. f5 Nf6 11. Qh4 Nd7 12. Ng5 Bf6 13. Qh6 Nf8 14. Nf4 Bxg5
15. Qxg5 h6 16. Qg3 g5 17. Ne2 f6 18. b3 Qa5 19. Bb2 O-O-O 20. Nc3 Nd7 21. Nd5
Bxd5 22. exd5 Ne5 23. Bxe5 dxe5 24. c4 b4 25. Qe1 Qa3 26. Qc1 Qa5 27. Qe1 Rd6
28. a4 1/2-1/2

[Event "2010 Trumpeter Classic"]
[Site "Grande Prairie"]
[Date "2010.01.31"]
[Round "5"]
[White "Sequillion, Aaron"]
[Black "Holmstrom, Phil"]
[Result "1-0"]
[WhiteElo "1999"]
[BlackElo "1674"]
[PlyCount "25"]
[EventDate "2010.01.30"]
[EventType "swiss"]
[EventRounds "5"]
[EventCountry "CAN"]

1. e4 e5 2. Nf3 Nf6 3. Nxe5 d6 4. Nf3 Nxe4 5. Nc3 Nxc3 6. dxc3 Be7 7. Be3 O-O
8. Qd4 c5 9. Qf4 Qa5 10. Bd3 Nc6 11. g4 Be6 12. h4 Bd5 13. Qf5 1-0

[Event "2010 Trumpeter Classic"]
[Site "Grande Prairie"]
[Date "2010.01.31"]
[Round "5"]
[White "White, Chris"]
[Black "Wong, Ford"]
[Result "1/2-1/2"]
[WhiteElo "1704"]
[BlackElo "1818"]
[PlyCount "51"]
[EventDate "2010.01.30"]
[EventType "swiss"]
[EventRounds "5"]
[EventCountry "CAN"]

1. d4 Nf6 2. c4 g6 3. Nc3 Bg7 4. e4 d6 5. Nf3 O-O 6. Be2 Nbd7 7. O-O e5 8. h3
c6 9. Be3 a6 10. Qd2 Qe7 11. Bh6 exd4 12. Bxg7 Kxg7 13. Qxd4 Ne5 14. Rad1 Nxf3+
15. Bxf3 Be6 16. Qxd6 Qxd6 17. Rxd6 Bxc4 18. Rfd1 Rfe8 19. b3 Be6 20. Na4 h5
21. Nc5 Rab8 22. e5 Nd5 23. Nxe6+ fxe6 24. Bxd5 exd5 25. Re1 Rbd8 26. Rxd8
1/2-1/2

[Event "2010 Trumpeter Classic"]
[Site "Grande Prairie"]
[Date "2010.01.31"]
[Round "5"]
[White "Zeggelaar, Mike"]
[Black "Alton, North"]
[Result "1-0"]
[WhiteElo "1864"]
[BlackElo "1216"]
[PlyCount "63"]
[EventDate "2010.01.30"]
[EventType "swiss"]
[EventRounds "5"]
[EventCountry "CAN"]

1. e4 e5 2. Nf3 Nc6 3. d4 exd4 4. c3 Nf6 5. e5 Ne4 6. Bd3 d5 7. exd6 Nxd6 8.
O-O dxc3 9. Re1+ Be6 10. Nxc3 Nc4 11. Bxc4 Qxd1 12. Nxd1 O-O-O 13. Bxe6+ fxe6
14. Bg5 Re8 15. Nc3 h6 16. Bh4 Nb4 17. Rad1 Nxa2 18. Rxe6 Bb4 19. Rxe8+ Rxe8
20. Nxa2 Ba5 21. Nc3 c6 22. h3 g5 23. Bg3 Rg8 24. Kf1 g4 25. hxg4 Rxg4 26. Rd4
Rxd4 27. Nxd4 Bxc3 28. bxc3 a5 29. Ke2 a4 30. Kd2 b5 31. Nxc6 Kb7 32. Nb4 1-0